000 00992nam a22001937a 4500
003 AM-YeHGA
040 _aAM-YeHGA
090 _c433650
005 20250617155346.0
008 180207s xxu||||| |||| 00| 0 rus d
041 0 _arus
245 0 0 _aИнструкция дворецкому Ивану Немчинову о управлении дому и деревень и регула об лошадях, как содержать и притом прилежно смотреть надлежит, чтоб в добром здоровьи были /
_c[Подлинную инструкцию подписал А. Волынской].
260 _aСанкт-Петербург :
_bТип. В.С. Балашева,
_c1881.
300 _aVIII, 49 с.
440 0 _aПамятники древней письменности
_v15
653 0 _aИдеология - Быт - Культура
700 1 _aВолынский, Артемий Петрович
942 _2udc
_cBK
999 _c431086
_d431086